¡Socorro! : (Registro nro. 11688)

Detalles MARC
000 -CABECERA
campo de control de longitud fija 01074cam a22003373a 4500
001 - NÚMERO DE CONTROL
campo de control 0000755
003 - IDENTIFICADOR DEL NÚMERO DE CONTROL
campo de control DO-SdBPM
005 - FECHA Y HORA DE LA ÚLTIMA TRANSACCIÓN
campo de control 20250721142041.0
007 - CAMPO FIJO DE DESCRIPCIÓN FÍSICA--INFORMACIÓN GENERAL
campo de control de longitud fija 0000755
008 - DATOS DE LONGITUD FIJA--INFORMACIÓN GENERAL
campo de control de longitud fija 861112 2000 sp a 000 0 spa d
010 ## - NÚMERO DE CONTROL DE LA BIBLIOTECA DEL CONGRESO
Número de control de LC
020 ## - NÚMERO INTERNACIONAL ESTÁNDAR DEL LIBRO
Número Internacional Estándar del Libro 8420449563
040 ## - FUENTE DE LA CATALOGACIÓN
Centro catalogador/agencia de origen DO-SdBPM
Centro/agencia transcriptor spa
Centro/agencia modificador BPMSU
Normas de descripción rda
Centro/agencia modificador
082 #4 - NÚMERO DE LA CLASIFICACIÓN DECIMAL DEWEY
Número de clasificación 863.6
Número de documento/Ítem B736s 2000
Número de edición 22
100 1# - ENTRADA PRINCIPAL--NOMBRE DE PERSONA
Nombre de persona Bornemann, Elsa
Fechas asociadas al nombre 1952-
Término indicativo de función/relación autor
245 10 - MENCIÓN DE TÍTULO
Título ¡Socorro! :
Resto del título (12 cuentos para caerse de miedo) /
Mención de responsabilidad, etc. Elsa Bornemann
260 ## - PUBLICACIÓN, DISTRIBUCIÓN, ETC.
Nombre del editor, distribuidor, etc.
264 ## - PRODUCCIÓN, PUBLICACIÓN, DISTRIBUCIÓN, FABRICACIÓN Y COPYRIGHT
Producción, publicación, distribución, fabricación y copyright Madrid, España :
Nombre del de productor, editor, distribuidor, fabricante Santillana ediciones generales,
Fecha de producción, publicación, distribución, fabricación o copyright 2000.
300 ## - DESCRIPCIÓN FÍSICA
Extensión 168 páginas :
Otras características físicas ilustraciones,
Dimensiones 20 cm.
336 ## - TIPO DE CONTENIDO
Término de tipo de contenido texto
Código de tipo de contenido txt
Fuente rdacontent
337 ## - TIPO DE MEDIO
Nombre/término del tipo de medio sin mediación
Código del tipo de medio n
Fuente rdamedia
338 ## - TIPO DE SOPORTE
Nombre/término del tipo de soporte volumen
Código del tipo de soporte nc
Fuente rdacarrier
490 0# - MENCIÓN DE SERIE
Mención de serie Alfaguara juvenil ;
-- Terror
500 ## - NOTA GENERAL
Nota general Incluye datos biográficos del autor.
500 ## - NOTA GENERAL
Nota general Literatura para niños a partir de los 12 años.
521 ## - NOTA DE PÚBLICO DESTINATARIO
Nota de público destinatario
590 ## - NOTA LOCAL (RLIN)
Nota local Inventariado, 2025/VM
650 #7 - PUNTO DE ACCESO ADICIONAL DE MATERIA--TÉRMINO DE MATERIA
Término de materia o nombre geográfico como elemento de entrada Cuentos juveniles argentinos
910 ## - DATOS DE OPCIÓN DEL USUARIO (OCLC)
Datos de opción del usuario VMateo V. Control de calidad. BPMSU
942 ## - ELEMENTOS DE PUNTO DE ACCESO ADICIONAL (KOHA)
Fuente del sistema de clasificación o colocación Dewey Decimal Classification
Tipo de ítem Koha Libros
Existencias
Estado de retiro Estado de pérdida Fuente del sistema de clasificación o colocación No para préstamo Código de colección Localización permanente Ubicación/localización actual Fecha de adquisición Fuente de adquisición Total de préstamos Signatura topográfica completa Código de barras Fecha visto por última vez Precio válido a partir de Tipo de ítem Koha Número de copia
    Dewey Decimal Classification   Colección Juvenil General Biblioteca Pública Metropolitana Salomé Ureña Biblioteca Pública Metropolitana Salomé Ureña 10/26/2016 ALFAGUARA   BPMSU CJG 863.6 B736s 2000 BPMSU16100385 10/26/2016 10/26/2016 Libros  
    Dewey Decimal Classification   Colección Juvenil General Biblioteca Pública Metropolitana Salomé Ureña Biblioteca Pública Metropolitana Salomé Ureña 10/26/2016 ALFAGUARA   BPMSU CJG 863.6 B736s 2000 BPMSU16100386 10/26/2016 10/26/2016 Libros e.2
    Dewey Decimal Classification   Colección Juvenil General Biblioteca Pública Metropolitana Salomé Ureña Biblioteca Pública Metropolitana Salomé Ureña 10/26/2016 ALFAGUARA   BPMSU CJG 863.6 B736s 2000 BPMSU16100387 10/26/2016 10/26/2016 Libros e.3